常住人口与户籍人口比值最低的地级行政区 - Statistics

General Stats
  • This quiz has been taken 25 times
  • The average score is 37 of 45
Answer Stats
比值 省级行政区 地级行政区 % Correct
0.709 广东省 梅州市
95%
0.764 广西壮族自治区 贵港市
95%
0.775 贵州省 黔东南苗族侗族自治州
95%
0.784 河南省 南阳市
95%
0.684 河南省 信阳市
89%
0.709 四川省 广安市
89%
0.75 广东省 汕尾市
89%
0.772 黑龙江省 齐齐哈尔市
89%
0.777 宁夏回族自治区 固原市
89%
0.785 青海省 海东市
89%
0.787 广西壮族自治区 玉林市
89%
0.792 广东省 云浮市
89%
0.799 广西壮族自治区 梧州市
89%
0.675 四川省 资阳市
84%
0.721 黑龙江省 绥化市
84%
0.736 贵州省 毕节市
84%
0.741 四川省 巴中市
84%
0.761 广东省 河源市
84%
0.761 安徽省 阜阳市
84%
0.77 四川省 内江市
84%
0.775 四川省 南充市
84%
0.775 四川省 遂宁市
84%
0.776 安徽省 淮南市
84%
0.778 四川省 自贡市
84%
0.787 安徽省 安庆市
84%
0.789 广东省 揭阳市
84%
0.79 广西壮族自治区 钦州市
84%
0.726 河南省 驻马店市
79%
0.74 贵州省 铜仁市
79%
0.743 安徽省 六安市
79%
0.755 广东省 茂名市
79%
0.768 广西壮族自治区 来宾市
79%
0.771 四川省 广元市
79%
0.778 河南省 商丘市
79%
0.789 黑龙江省 大兴安岭地区
79%
0.79 甘肃省 平凉市
79%
0.795 湖南省 邵阳市
79%
0.797 湖北省 黄冈市
79%
0.799 黑龙江省 伊春市
79%
0.634 内蒙古自治区 乌兰察布市
74%
0.718 河南省 周口市
74%
0.754 安徽省 亳州市
74%
0.775 甘肃省 武威市
74%
0.767 安徽省 铜陵市
68%
0.788 广西壮族自治区 河池市
68%
No matching quizzes found
Score Distribution
Percent of People with Each Score
Percentile by Number Answered
Your Score History
You have not taken this quiz